Exposición de los religiosos de la Trapa a su majestad la reina Doña Isabel II / (Record no. 166593)

MARC details
000 -LEADER
campo de control de longitud fija 00692nam a2200169 i 4500
001 - NÚMERO DE CONTROL
campo de control 166593
003 - IDENTIFICADOR DE NÚMERO DE CONTROL
campo de control ES-MaACL
005 - FECHA Y HORA DE LA ÚLTIMA TRANSACCIÓN
campo de control 20230906213350.0
008 - DATOS DE LONGITUD FIJA--INFORMACIÓN GENERAL
campo de control de longitud fija 961202s1868 sp |||| | spa d
100 1# - ENTRADA PRINCIPAL--NOMBRE DE PERSONA
Nombre de persona Nager, José María.
9 (RLIN) 143331
245 10 - MENCIÓN DEL TÍTULO
Título Exposición de los religiosos de la Trapa a su majestad la reina Doña Isabel II /
Mención de responsabilidad, etc. [José María Nager].
260 ## - PUBLICACIÓN, DISTRIBUCIÓN, ETC.
Lugar de publicación, distribución, etc. Madrid :
Nombre del editor, distribuidor, etc. [s.n.],
Fecha de publicación, distribución, etc. 1868 (
Fabricante Imp. de R. Labajos)
300 ## - DESCRIPCIÓN FÍSICA
Extensión 8 p. ;
Dimensiones 21 cm.
594 ## - Nota al título y mención de responsabilidad
Nota al título y mención de responsabilidad Autor tomado de final del texto.
610 24 - PUNTO DE ACCESO ADICIONAL DE MATERIA--NOMBRE DE ENTIDAD CORPORATIVA
Nombre de entidad corporativa o nombre de jurisdicción como elemento de entrada Trapenses-
Subdivisión geográfica España.
9 (RLIN) 143332
852 ## - LOCALIZACIÓN
Ubicación ES-MaACL
Número de control de estantería D-260(1)
Nota libre - Enc. en un vol. facticio, formando parte de la col. facticia "Estudios penitenciarios", n. 6
-- .- Donativo Lastres
Holdings
Estatus retirado Estado de pérdida Estado de daño No para préstamo Colección Biblioteca de origen Biblioteca actual Ubicación en estantería Fecha de adquisición Total de préstamos Signatura topográfica completa Código de barras Visto por última vez Precio de reemplazo Tipo de ítem Koha
        Libros del s. XIX Biblioteca del Ateneo de Madrid Biblioteca del Ateneo de Madrid Sala Valle Inclán 17/01/2008   D-260(1) 901174725 23/02/2023 23/02/2023 Libro impreso antiguo